000 00496cam a22002054a 4500
005 20250605164321.0
008 250528s ||||||||||||||||||||||||d
035 _a22916
020 _a9780335193202
040 _aGR-AtMCL
_bgre
_dGR-AtMCL
_eAACR2
245 1 _aPREDICTING HEALTH BEHAVIOUR
250 _a1
260 _bOpen University Press,
_c1995
300 _a230
700 1 _aConner Mark
_98542
700 1 _aNorman Paul
_98543
942 _cBK
999 _c7959
_d7959